000 00501nam a2200193Ia 4500
008 170918s9999 xx 000 0 und d
020 _a9780395912157
050 _bR456 1977
100 _aRey, Margaret
245 _aCurious George and the puppies /
245 _cby Margaret Rey ; illustrated by H. A. Rey.
260 _aBoston :
260 _bHoughton Mifflin Company,
260 _c1977
300 _a23 pages :
300 _bcolored illustration ;
300 _c20cm.
500 _a550
999 _c342904
_d342904